ნორმალური ფორმატი
MARC ფორმატი
ჩანაწერი Personal Name
ჩანაწერთა რაოდენობა, რომელიც გამოყენებულია: 1
001 - CONTROL NUMBER
- control field: 11703
003 - CONTROL NUMBER IDENTIFIER
- control field: GE_BSU
005 - DATE AND TIME OF LATEST TRANSACTION
- control field: 20210429214703.0
008 - FIXED-LENGTH DATA ELEMENTS
- fixed length control field: 210429|| aca||aabn | a|a d
040 ## - CATALOGING SOURCE
- Original cataloging agency: GE_BSU
- Transcribing agency: GE_BSU
100 ## - HEADING--PERSONAL NAME
- Personal name: როდინაძე, სვეტლანა
670 ## - SOURCE DATA FOUND
- Source citation: Work cat.: (GE_BSU)52067: როდინაძე, სვეტლანა, ინგლისურენოვანი მარინისტული ტექსტები და მათი თარგმანის როლი ქართული საზღვაო ტერმინოლოგიის ფორმირების პროცესში /
